<?xml version="1.0" encoding="UTF-8"?>
<record
    xmlns:xsi="http://www.w3.org/2001/XMLSchema-instance"
    xsi:schemaLocation="http://www.loc.gov/MARC21/slim http://www.loc.gov/standards/marcxml/schema/MARC21slim.xsd"
    xmlns="http://www.loc.gov/MARC21/slim">

  <leader>02142nam a2200301 i 4500</leader>
  <controlfield tag="003">DO-SdBNP</controlfield>
  <controlfield tag="005">20250611073819.0</controlfield>
  <controlfield tag="007">ta</controlfield>
  <controlfield tag="008">240815s2023    dr d          000 j spa d</controlfield>
  <datafield tag="020" ind1=" " ind2=" ">
    <subfield code="a">9789945644579</subfield>
  </datafield>
  <datafield tag="040" ind1=" " ind2=" ">
    <subfield code="a">DO-SdBNP</subfield>
    <subfield code="b">spa</subfield>
    <subfield code="c">BNPHU</subfield>
    <subfield code="e">rda</subfield>
  </datafield>
  <datafield tag="082" ind1=" " ind2="4">
    <subfield code="2">22</subfield>
    <subfield code="b">R426m</subfield>
  </datafield>
  <datafield tag="110" ind1="1" ind2=" ">
    <subfield code="a">Rep&#xFA;blica Dominicana.</subfield>
    <subfield code="b">Ministerio de Salud P&#xFA;blica</subfield>
    <subfield code="9">80830</subfield>
  </datafield>
  <datafield tag="245" ind1="1" ind2="0">
    <subfield code="a">Manual de procedimientos para el abordaje cl&#xED;nico y program&#xE1;tico de la tuberculosis /</subfield>
  </datafield>
  <datafield tag="264" ind1=" " ind2="1">
    <subfield code="a">Santo Domingo :</subfield>
    <subfield code="b">Mspas,</subfield>
    <subfield code="c">2023.</subfield>
  </datafield>
  <datafield tag="300" ind1=" " ind2=" ">
    <subfield code="a">102 p&#xE1;ginas,  </subfield>
    <subfield code="b">graf&#xED;cas </subfield>
    <subfield code="c">22 cm.</subfield>
  </datafield>
  <datafield tag="336" ind1=" " ind2=" ">
    <subfield code="2">rdacontent</subfield>
    <subfield code="a">texto</subfield>
    <subfield code="b">txt</subfield>
  </datafield>
  <datafield tag="337" ind1=" " ind2=" ">
    <subfield code="2">rdamedia</subfield>
    <subfield code="a">sin mediaci&#xF3;n </subfield>
    <subfield code="b">n</subfield>
  </datafield>
  <datafield tag="338" ind1=" " ind2=" ">
    <subfield code="2">rdacarrier</subfield>
    <subfield code="a">volumen</subfield>
    <subfield code="b">nc</subfield>
  </datafield>
  <datafield tag="500" ind1=" " ind2=" ">
    <subfield code="a">Libro en espiral.</subfield>
  </datafield>
  <datafield tag="504" ind1=" " ind2=" ">
    <subfield code="a">Bibliograf&#xED;a p: 79-81.</subfield>
  </datafield>
  <datafield tag="520" ind1=" " ind2=" ">
    <subfield code="a">La tuberculosis es un problema prioritario de salud p&#xFA;blica; por lo que el Ministerio de Salud P&#xFA;blica y Asistencia Social, en su rol de rector&#xED;a, dise&#xF1;a las estrategias e intervenciones para su prevenci&#xF3;n y control. Estas estrategias e intervenciones est&#xE1;n incluidas en el Plan Decenal de Salud, la Estrategia Nacional de Desarrollo y los Objetivos de Desarrollo Sostenible (ODS) y la Estrategia Fin de la Tuberculosis. El pa&#xED;s se encuentra entre los 12 pa&#xED;ses de la Regi&#xF3;n de Las Am&#xE9;ricas que presentan las tasas m&#xE1;s altas estimadas de TB por la Organizaci&#xF3;n Mundial de la Salud. Se estima una prevalencia de 73/100,000 habitantes y una incidencia de 60/100,000 habitantes. En Rep&#xFA;blica Dominicana, el control de la tuberculosis se suscribe y articula en el reconocimiento de la dignidad de las personas, sus derechos universales y la b&#xFA;squeda de la liberaci&#xF3;n de sus capacidades para alcanzar la realizaci&#xF3;n plena (1). El Ministerio de Salud P&#xFA;blica y Asistencia Social como ente rector es responsable de conducir la respuesta nacional a la tuberculosis y establece los procedimientos para el abordaje program&#xE1;tico de la tuberculosis.</subfield>
  </datafield>
  <datafield tag="590" ind1=" " ind2=" ">
    <subfield code="a">Inventariado, 2024/ YL</subfield>
  </datafield>
  <datafield tag="650" ind1=" " ind2="4">
    <subfield code="a">Tuberculosis</subfield>
    <subfield code="x">Prevenci&#xF3;n y control</subfield>
    <subfield code="9">79001</subfield>
  </datafield>
  <datafield tag="710" ind1="1" ind2=" ">
    <subfield code="a">Ministerio de Salud P&#xFA;blica y Asistencia Social</subfield>
    <subfield code="9">86348</subfield>
  </datafield>
  <datafield tag="910" ind1=" " ind2=" ">
    <subfield code="a">YLockward</subfield>
  </datafield>
  <datafield tag="942" ind1=" " ind2=" ">
    <subfield code="2">ddc</subfield>
    <subfield code="c">LBS1</subfield>
  </datafield>
  <datafield tag="952" ind1=" " ind2=" ">
    <subfield code="0">0</subfield>
    <subfield code="1">0</subfield>
    <subfield code="2">ddc</subfield>
    <subfield code="5">1</subfield>
    <subfield code="7">0</subfield>
    <subfield code="8">PD</subfield>
    <subfield code="a">BNPHU</subfield>
    <subfield code="b">BNPHU</subfield>
    <subfield code="c">CT</subfield>
    <subfield code="d">2024-07-16</subfield>
    <subfield code="e">Deposito Legal</subfield>
    <subfield code="l">0</subfield>
    <subfield code="o"> BNPHU PD R426m</subfield>
    <subfield code="p">2024-4901</subfield>
    <subfield code="r">2024-08-15</subfield>
    <subfield code="w">2024-08-15</subfield>
    <subfield code="y">LBS1</subfield>
  </datafield>
  <datafield tag="952" ind1=" " ind2=" ">
    <subfield code="0">0</subfield>
    <subfield code="1">0</subfield>
    <subfield code="2">ddc</subfield>
    <subfield code="5">1</subfield>
    <subfield code="7">0</subfield>
    <subfield code="8">PD</subfield>
    <subfield code="a">BNPHU</subfield>
    <subfield code="b">BNPHU</subfield>
    <subfield code="c">CT</subfield>
    <subfield code="d">2024-07-16</subfield>
    <subfield code="e">Deposito Legal</subfield>
    <subfield code="l">0</subfield>
    <subfield code="o"> BNPHU PD R426m</subfield>
    <subfield code="p">2024-4902</subfield>
    <subfield code="r">2024-08-15</subfield>
    <subfield code="t">e. 2</subfield>
    <subfield code="w">2024-08-15</subfield>
    <subfield code="y">LBS1</subfield>
  </datafield>
  <datafield tag="952" ind1=" " ind2=" ">
    <subfield code="0">0</subfield>
    <subfield code="1">0</subfield>
    <subfield code="2">ddc</subfield>
    <subfield code="5">6</subfield>
    <subfield code="7">0</subfield>
    <subfield code="8">DS</subfield>
    <subfield code="a">BNPHU</subfield>
    <subfield code="b">BNPHU</subfield>
    <subfield code="c">CT</subfield>
    <subfield code="d">2024-07-16</subfield>
    <subfield code="e">Deposito Legal</subfield>
    <subfield code="l">0</subfield>
    <subfield code="o"> BNPHU DS R426m</subfield>
    <subfield code="p">2024-4903</subfield>
    <subfield code="r">2024-08-15</subfield>
    <subfield code="t">e. 3</subfield>
    <subfield code="w">2024-08-15</subfield>
    <subfield code="y">LBS1</subfield>
  </datafield>
  <datafield tag="999" ind1=" " ind2=" ">
    <subfield code="c">57472</subfield>
    <subfield code="d">57472</subfield>
  </datafield>
</record>
